Estadísticas para Conocientos de España

Haz click aquí para intentar la prueba.

Estadísticas generales

  • Esta prueba ha sido intentada 51 veces
  • La puntuación promedio es 12 de 15

Estadísticas de respuestas

PreguntaRespuesta% Correcto
¿Cuál es el idioma que se habla en España?Castellano
100%
¿Cuál es el color más representativo de la bandera de España?Rojo
100%
¿Cuál es la capital de España?Madrid
97%
¿Qué comunidad de España se suele relacionar con la siesta?Andalucia
95%
¿Qué comunidad autónoma situada al noreste lleva tiempo tratando de independizarse de España?Cataluña
95%
¿Quién fue el escritor de "Don Quijote de la Mancha"?Miguel de Cervantes
95%
Nombra al actor más importante de España internacionalmente (Pista: Actor de voz del Gato con Botas)Antonio Banderas
92%
¿Cuál es el equipo de fútbol que más Champions League ha ganado?Real Madrid
92%
¿Quién marcó el gol que le dio la victoria de la final del Mundial de fútbol de Sudáfrica en 2010?Andres Iniesta
87%
¿Qué famosa festividad que consiste en huir de toros se celebra entre el 6 y el 14 de julio?San Fermin
85%
¿Cuál es la montaña más alta de España?Teide
85%
¿Qué colonia (pais) perdió España siendo arrebatado por Estados Unidos en 1821?Cuba
72%
¿Qué mítico programa de TVE emitido en épocas estivales volvió a emitirse en 2023 tras 13 años de ausencia?Grand Prix
56%
Segunda persona del indicativo del pretérito pluscuamperfecto del verbo cantarHabias cantado
46%
¿Cuál es el canal de Youtube España que posee más suscriptores?Mikecrack
21%

Distribución de puntuación

Porcentaje por número respondido

Porcentaje de gente con cada puntuación

Historial de tus puntuaciones

No has intentado esta prueba.